| 000 | 00619cam a22002053a 4500 | ||
|---|---|---|---|
| 001 | 38092 | ||
| 003 | PGUSA | ||
| 005 | 20140828083834.0 | ||
| 008 | 111122s2011||||xxu|||||s|||||000 | eng d | ||
| 040 |
_aPGUSA _beng |
||
| 042 | _adc | ||
| 100 | 1 |
_aFoote, G. W. _q(George William), _d1850-1915 |
|
| 245 | 1 | 4 |
_aThe Book Of God : _bIn The Light Of The Higher Criticism _h[electronic resource] / _cG. W. Foote |
| 260 |
_bProject Gutenberg, _c2011 |
||
| 506 | _aPublic domain in the USA. | ||
| 516 | _aElectronic text | ||
| 830 | 0 |
_aProject Gutenberg _v38092 |
|
| 856 | 4 | 0 | _uhttp://www.gutenberg.org/ebooks/38092 |
| 942 | _cEB | ||
| 999 |
_c267346 _d267346 |
||